[Event "?"]
[Site "?"]
[Date "????.??.??"]
[Round "?"]
[White "Bergersen, P."]
[Black "Neudel, B."]
[Result "1/2-1/2"]
[WhiteElo "1490"]
[BlackElo "1937"]
[Annotator "128"]
[PlyCount "43"]
[EventDate "2010.??.??"]
[WhiteTeam "Blindern Oldtimers"]
[BlackTeam "Stiftg BSW/DBAG 2"]

1. e3 d5 2. b3 Nf6 3. Bb2 e6 4. f4 c5 5. Nf3 Nc6 6. Bb5 Bd7 7. O-O Be7 8. Qe2
O-O 9. Bxc6 Bxc6 10. Ne5 Rc8 11. Nxc6 Rxc6 12. d3 Ne8 13. Nd2 Bf6 14. Bxf6 Qxf6
15. Nf3 Nd6 16. Ne5 Rc7 17. a4 Qe7 18. e4 f6 19. Nf3 dxe4 20. dxe4 e5 21. fxe5
fxe5 22. g3 1/2-1/2

[Event "?"]
[Site "?"]
[Date "????.??.??"]
[Round "?"]
[White "Standal, B."]
[Black "Taksrud, V."]
[Result "0-1"]
[WhiteElo "1919"]
[BlackElo "2109"]
[Annotator "129"]
[PlyCount "58"]
[EventDate "2010.??.??"]
[WhiteTeam "Norwegen 3"]
[BlackTeam "Norwegen 2"]

1. Nf3 Nf6 2. d3 d5 3. Nbd2 e6 4. g3 Be7 5. Bg2 c5 6. e4 Nc6 7. O-O O-O 8. Re1
d4 9. e5 Nd5 10. Qe2 Qc7 11. Nf1 h6 12. h4 Bd7 13. N1h2 Rae8 14. Bh3 Bd8 15.
Kg2 Nce7 16. h5 Bc6 17. Kg1 Nf5 18. g4 Nh4 19. Nxh4 Bxh4 20. Nf3 Bd8 21. g5
hxg5 22. Nxg5 Kh8 23. Qg4 f5 24. exf6 Nxf6 25. Qd1 Nd5 26. Rxe6 Ne3 27. Rxe8
Rxe8 28. Bxe3 Rxe3 29. Ne6 Rxh3 0-1

[Event "?"]
[Site "?"]
[Date "????.??.??"]
[Round "?"]
[White "Kverndal, L."]
[Black "Bue, G."]
[Result "1/2-1/2"]
[WhiteElo "1974"]
[BlackElo "1879"]
[Annotator "130"]
[PlyCount "91"]
[EventDate "2010.??.??"]
[WhiteTeam "Norwegen 2"]
[BlackTeam "Norwegen 3"]

1. d4 Nf6 2. Nf3 g6 3. g3 Bg7 4. Bg2 O-O 5. O-O d6 6. c4 c6 7. Nc3 Nbd7 8. e4
e5 9. Re1 exd4 10. Nxd4 Ne5 11. b3 a6 12. h3 Qe7 13. f4 Ned7 14. Ba3 c5 15.
Nde2 Rb8 16. Rc1 b5 17. Bb2 bxc4 18. Nd5 Nxd5 19. Bxg7 Kxg7 20. Qxd5 cxb3 21.
axb3 Nf6 22. Qd3 Re8 23. e5 dxe5 24. fxe5 Qxe5 25. Nf4 Qd4+ 26. Qxd4 cxd4 27.
Rxe8 Nxe8 28. Bd5 Nf6 29. Bc4 g5 30. Ne2 Bxh3 31. Nxd4 Bc8 32. Nc6 Rb6 33. Nd8
Be6 34. Nxe6+ fxe6 35. Ra1 Ne4 36. Rxa6 Rxa6 37. Bxa6 Nxg3 38. Bd3 Nh5 39. b4
Nf6 40. b5 Nd5 41. Bc4 Nb6 42. Bxe6 Kf6 43. Bb3 Ke5 44. Bf7 Kd6 45. Kg2 Ke7 46.
Bb3 1/2-1/2

[Event "?"]
[Site "?"]
[Date "????.??.??"]
[Round "?"]
[White "Wicklund-Hansen, R."]
[Black "Strand, O."]
[Result "1-0"]
[WhiteElo "1893"]
[BlackElo "1965"]
[Annotator "131"]
[PlyCount "111"]
[EventDate "2010.??.??"]
[WhiteTeam "Norwegen 3"]
[BlackTeam "Norwegen 2"]

1. e4 g6 2. Nf3 Bg7 3. Bc4 d6 4. c3 e6 5. O-O Nd7 6. Re1 Ne7 7. d4 O-O 8. Bg5
b6 9. Qd2 Bb7 10. Bh6 d5 11. Bxg7 Kxg7 12. Bb3 dxe4 13. Ng5 Nd5 14. Rxe4 h6 15.
Nh3 N7f6 16. Re1 Qd6 17. f3 Rad8 18. Na3 Ba6 19. Nc4 Bxc4 20. Bxc4 c5 21. Rad1
Qc6 22. Bxd5 Nxd5 23. dxc5 bxc5 24. c4 Nf6 25. Qc3 Rd6 26. Nf2 Rfd8 27. Rxd6
Rxd6 28. Rd1 Rxd1+ 29. Nxd1 Qd6 30. Nf2 e5 31. Kf1 Kf8 32. Qd3 Ke7 33. Ke2 Ke6
34. Qxd6+ Kxd6 35. Kd3 Nd7 36. Ne4+ Kc6 37. h4 f5 38. Ng3 Nf6 39. a3 a5 40. Kc3
f4 41. Ne2 g5 42. hxg5 hxg5 43. Kd3 Kd6 44. Nc3 g4 45. Ne4+ Nxe4 46. Kxe4 gxf3
47. gxf3 Ke6 48. a4 Kf6 49. Kd5 Kf5 50. b3 Kf6 51. Ke4 Ke6 52. Kd3 Kf5 53. b4
axb4 54. a5 b3 55. a6 b2 56. Kc2 1-0

[Event "?"]
[Site "?"]
[Date "????.??.??"]
[Round "?"]
[White "Birkestrand, O."]
[Black "Ludvigsen, J."]
[Result "1-0"]
[WhiteElo "1915"]
[BlackElo "1821"]
[Annotator "132"]
[PlyCount "109"]
[EventDate "2010.??.??"]
[WhiteTeam "Norwegen 2"]
[BlackTeam "Norwegen 3"]

1. e4 e5 2. Nf3 Nc6 3. Bc4 Nf6 4. Ng5 d5 5. exd5 Na5 6. d3 h6 7. Nf3 e4 8. Qe2
Nxc4 9. dxc4 Bc5 10. h3 O-O 11. Nh2 e3 12. Bxe3 Bxe3 13. fxe3 Ne4 14. Nf1 c6
15. Nbd2 cxd5 16. O-O-O Qa5 17. Nxe4 dxe4 18. Kb1 Be6 19. b3 Rfc8 20. Rd4 f5
21. g4 Rc5 22. Qd2 Qa3 23. Qc1 Qa6 24. gxf5 Bxf5 25. Ng3 Qe6 26. Qb2 Rac8 27.
Rg1 g5 28. Nxf5 Qxf5 29. Rgd1 R5c7 30. Rd8+ Rxd8 31. Rxd8+ Kf7 32. Qh8 Qf1+ 33.
Kb2 Qf6+ 34. Qxf6+ Kxf6 35. Rd6+ Kg7 36. Re6 Rf7 37. Rxe4 Rf3 38. h4 Kf6 39.
Kc1 Rh3 40. hxg5+ hxg5 41. Kd2 Rg3 42. c5 g4 43. b4 Rg1 44. b5 g3 45. c6 bxc6
46. bxc6 g2 47. Rg4 Ke7 48. c7 Kd7 49. Rg7+ Kc8 50. e4 Ra1 51. Rxg2 Kxc7 52.
Rg7+ Kb8 53. e5 Rxa2 54. e6 Kc8 55. Rg8+ 1-0

[Event "?"]
[Site "?"]
[Date "????.??.??"]
[Round "?"]
[White "Schäfer, H."]
[Black "Baudis, W."]
[Result "1/2-1/2"]
[WhiteElo "1933"]
[BlackElo "1693"]
[Annotator "135"]
[PlyCount "65"]
[EventDate "2010.??.??"]
[WhiteTeam "Störtebeker"]
[BlackTeam "BSW  Berlin/DBAG"]

1. d4 f5 2. Nf3 g6 3. c4 Nf6 4. Nc3 Bg7 5. g3 d6 6. Bg2 O-O 7. O-O c6 8. Qc2 a5
9. e3 Na6 10. a3 Qc7 11. Nd2 e5 12. dxe5 dxe5 13. e4 f4 14. gxf4 exf4 15. Nf3
Nh5 16. Bd2 Bg4 17. Rad1 Rae8 18. Rfe1 Qc8 19. Kh1 Nc5 20. b4 Nd7 21. Ne2 Ne5
22. Neg1 axb4 23. Bxb4 Nxf3 24. Nxf3 g5 25. Bc3 Bxf3 26. Bxf3 g4 27. Bxg7 Nxg7
28. Bg2 f3 29. Bf1 Re5 30. Qd2 Rfe8 31. Bd3 Qd8 32. Qf4 Qh4 33. Qg3 1/2-1/2

[Event "?"]
[Site "?"]
[Date "????.??.??"]
[Round "?"]
[White "Kaiser, H."]
[Black "Buck, K."]
[Result "1-0"]
[WhiteElo "1868"]
[BlackElo "1835"]
[Annotator "136"]
[PlyCount "75"]
[EventDate "2010.??.??"]
[WhiteTeam "BSW  Berlin/DBAG"]
[BlackTeam "Störtebeker"]

1. e4 e6 2. d4 d5 3. exd5 exd5 4. Nf3 Nf6 5. Bg5 Bg4 6. Be2 Be7 7. Ne5 Bxe2 8.
Qxe2 Ne4 9. Qb5+ c6 10. Qxb7 Nxg5 11. Qxa8 O-O 12. Qxa7 Bd6 13. O-O c5 14. c3
cxd4 15. cxd4 Bxe5 16. dxe5 Nc6 17. Qc5 Nxe5 18. Nd2 Ne6 19. Qe3 Qb8 20. b3 d4
21. Qe4 Qb5 22. Nf3 Nxf3+ 23. Qxf3 d3 24. Rad1 Rd8 25. Rd2 Qa6 26. Rfd1 h6 27.
Rxd3 Rxd3 28. Qxd3 Qxa2 29. Qb1 Qa8 30. Qd3 Qb7 31. Qc2 g6 32. Qc4 Qb6 33. b4
Qa7 34. b5 Qa5 35. Rb1 Qd2 36. b6 Nd8 37. Qc1 Qd3 38. b7 1-0

[Event "?"]
[Site "?"]
[Date "????.??.??"]
[Round "?"]
[White "Schröter, H."]
[Black "Lyly, S."]
[Result "0-1"]
[WhiteElo "2110"]
[BlackElo "1991"]
[Annotator "137"]
[PlyCount "114"]
[EventDate "2010.??.??"]
[WhiteTeam "SV TuR Dresden"]
[BlackTeam "Stadi"]

1. e4 c5 2. Nf3 g6 3. d4 Bg7 4. c3 cxd4 5. cxd4 Nf6 6. Nc3 d6 7. Bc4 O-O 8. O-O
Bg4 9. Qb3 Qb6 10. Qxb6 axb6 11. Be3 Bxf3 12. gxf3 Nc6 13. Rfd1 Rfc8 14. Be2
Na5 15. Na4 Nc4 16. Bxc4 Rxa4 17. b3 Ra5 18. a4 e6 19. Rac1 Raa8 20. Bb5 d5 21.
e5 Ne8 22. Bd7 Rd8 23. Bxe8 Rxe8 24. Rc7 Rab8 25. Bg5 h6 26. Be7 Bf8 27. Bf6
Bg7 28. Bh4 g5 29. Bg3 Bf8 30. Rdc1 Be7 31. f4 Kg7 32. fxg5 Bxg5 33. f4 Bd8 34.
Rc8 Be7 35. Rxe8 Rxe8 36. Rc7 Ba3 37. Rxb7 Bb2 38. Bf2 Rc8 39. Rxb6 Rc1+ 40.
Kg2 Rc2 41. Kf3 Rxf2+ 42. Ke3 Rxh2 43. a5 Rh3+ 44. Kd2 Bxd4 45. Rb7 Bc3+ 46.
Kc2 Bxa5 47. b4 Bxb4 48. Rxb4 h5 49. Kd2 Kg6 50. Rb7 h4 51. Ke2 Rc3 52. Rd7 h3
53. Kf2 f6 54. exf6 Kxf6 55. Rd8 Kf5 56. Rf8+ Ke4 57. Rf7 Rf3+ 0-1

[Event "?"]
[Site "?"]
[Date "????.??.??"]
[Round "?"]
[White "Laitinen, M."]
[Black "Eichner, C."]
[Result "0-1"]
[WhiteElo "1843"]
[BlackElo "2145"]
[Annotator "138"]
[PlyCount "122"]
[EventDate "2010.??.??"]
[WhiteTeam "Stadi"]
[BlackTeam "SV TuR Dresden"]

1. d4 Nf6 2. c4 g6 3. Nc3 d5 4. Bg5 Ne4 5. Bh4 Nxc3 6. bxc3 Bg7 7. e3 c5 8.
cxd5 cxd4 9. exd4 Qxd5 10. Nf3 Nc6 11. Be2 O-O 12. O-O Bf5 13. Re1 Rac8 14. Qb3
Qd7 15. Bb5 Be6 16. Qa3 Qd6 17. Qb2 Rfe8 18. Bg3 Qd5 19. Ba4 Qa5 20. Bb3 Qb6
21. Rxe6 fxe6 22. Bxe6+ Kf8 23. Qxb6 axb6 24. Bxc8 Rxc8 25. Rb1 Ra8 26. Rb2 Ra3
27. Rc2 b5 28. Ne5 Bf6 29. Nd7+ Kf7 30. Nxf6 exf6 31. Bd6 Ra6 32. Bb4 Ke6 33.
Kf1 Kd5 34. a3 Kc4 35. Ke2 Na5 36. Kf3 Nc6 37. Re2 Nxb4 38. axb4 Kxc3 39. d5
Kd4 40. Rd2+ Ke5 41. Ke3 Ra3+ 42. Ke2 Kd6 43. f4 Rc3 44. Rd4 Rc2+ 45. Kf3 f5
46. h3 h5 47. g3 Rc3+ 48. Kf2 h4 49. gxh4 Rxh3 50. Rd1 Rxh4 51. Kg3 Rh7 52. Rc1
Rc7 53. Re1 Re7 54. Rc1 Re4 55. Rc8 Kxd5 56. Rc5+ Kd6 57. Rxb5 Kc6 58. Rc5+ Kb6
59. Re5 Rxe5 60. fxe5 g5 61. Kf3 Kc6 0-1

[Event "?"]
[Site "?"]
[Date "????.??.??"]
[Round "?"]
[White "Winter, K."]
[Black "Hall, R."]
[Result "1/2-1/2"]
[WhiteElo "2077"]
[BlackElo "1840"]
[Annotator "139"]
[PlyCount "148"]
[EventDate "2010.??.??"]
[WhiteTeam "SV TuR Dresden"]
[BlackTeam "Stadi"]

1. c4 e6 2. Nc3 d5 3. d4 c6 4. e3 f5 5. Nf3 Nf6 6. Bd3 Bd6 7. O-O O-O 8. Ne5
Ne4 9. f3 Nxc3 10. bxc3 Nd7 11. Nxd7 Bxd7 12. f4 Be8 13. Rb1 b6 14. Qb3 Rb8 15.
cxd5 cxd5 16. c4 Bc6 17. cxd5 Bxd5 18. Bc4 Be7 19. Bd2 Qd7 20. Bxd5 Qxd5 21.
Qa4 Bf6 22. Rbc1 Rfc8 23. Qxa7 Qa8 24. Qd7 Re8 25. Rc2 h6 26. Rfc1 Re7 27. Rc8+
Kh7 28. Rxb8 Qxb8 29. Qc6 Re8 30. Bb4 Qa8 31. Qxa8 Rxa8 32. a3 Re8 33. Rc6 Bd8
34. Kf1 Kg8 35. Ke2 Kf7 36. Bd6 Rg8 37. g3 g5 38. Bc7 Be7 39. Rxb6 Bxa3 40. Rb7
Kg6 41. Kd3 Rg7 42. Ra7 Bd6 43. Bb6 Rxa7 44. Bxa7 gxf4 45. exf4 h5 46. Bc5 Bc7
47. Ke3 Bb8 48. Be7 Bc7 49. Kd3 Kf7 50. Bh4 Bd6 51. Kc4 Ba3 52. h3 Bd6 53. Kb5
Ba3 54. Kc6 Bb4 55. d5 exd5 56. Kxd5 Bc3 57. Kc4 Ba1 58. Bd8 Bb2 59. Bc7 Ke6
60. Kd3 Bf6 61. Ke3 Bc3 62. Kf3 Bd4 63. g4 fxg4+ 64. hxg4 hxg4+ 65. Kxg4 Kf6
66. Bd8+ Ke6 67. f5+ Kf7 68. Kf4 Bc3 69. Ke4 Bb2 70. Bc7 Kf6 71. Bd6 Bc3 72.
Bg3 Bb2 73. Bh4+ Kf7 74. Bg5 Bc3 1/2-1/2

[Event "?"]
[Site "?"]
[Date "????.??.??"]
[Round "?"]
[White "Stähle, S."]
[Black "Seibt, M."]
[Result "1/2-1/2"]
[WhiteElo "1678"]
[BlackElo "2016"]
[Annotator "140"]
[PlyCount "85"]
[EventDate "2010.??.??"]
[WhiteTeam "Stadi"]
[BlackTeam "SV TuR Dresden"]

1. e4 e5 2. Nf3 Nc6 3. Bb5 a6 4. Ba4 Be7 5. O-O b5 6. Bb3 Nf6 7. Qe2 d6 8. h3
O-O 9. c3 Na5 10. Bc2 c5 11. d3 Qc7 12. Be3 Bd7 13. b4 Nc6 14. bxc5 dxc5 15.
Nbd2 Na5 16. Nh2 Bd6 17. Bg5 Ne8 18. Ng4 f6 19. Bh4 g5 20. Bg3 Kg7 21. Ne3 Be6
22. Nd5 Qf7 23. Ne3 Nc6 24. a4 Nc7 25. Nf5+ Bxf5 26. exf5 Qd7 27. Qf3 b4 28.
Nc4 Rab8 29. d4 cxd4 30. Be4 Nd8 31. cxd4 Nf7 32. Rfd1 Qe7 33. Na5 Nd8 34. Nc4
Nf7 35. a5 exd4 36. Rxd4 Ne5 37. Nxe5 Bxe5 38. Bxe5 Qxe5 39. Rad1 Rf7 40. Rd7
Rbf8 41. Bc2 Qe8 42. Qc6 Rxd7 43. Qxd7+ 1/2-1/2

[Event "?"]
[Site "?"]
[Date "????.??.??"]
[Round "?"]
[White "Wilson, P."]
[Black "Svenske, J."]
[Result "0-1"]
[WhiteElo "1995"]
[BlackElo "1844"]
[Annotator "142"]
[PlyCount "102"]
[EventDate "2010.??.??"]
[WhiteTeam "England 2"]
[BlackTeam "Arctic Team"]

1. e4 g6 2. f4 d6 3. Nf3 Bg7 4. Bc4 Nf6 5. Nc3 c5 6. O-O Nc6 7. d4 cxd4 8. Nxd4
Qb6 9. Be3 Ng4 10. Nd5 Nxe3 11. Nxb6 Nxd1 12. Nxa8 Bxd4+ 13. Kh1 Nf2+ 14. Kg1
Nxe4+ 15. Kh1 Nd2 16. Bb5 Nxf1 17. Rxf1 Kd8 18. c3 Bg7 19. h3 Be6 20. g4 Kc8
21. f5 gxf5 22. gxf5 Bd5+ 23. Kg1 Rg8 24. Kf2 Bh6 25. Ke1 Bxa2 26. Kf2 Bd5 27.
c4 Be4 28. Re1 Bxf5 29. Bxc6 bxc6 30. Rxe7 Be6 31. Rxa7 Kb8 32. Ra4 Kb7 33. b4
Bxc4 34. Ra5 Bd2 35. Rf5 Bxb4 36. Rf4 Bc5+ 37. Ke1 Be6 38. Ra4 Rxa8 39. Rh4 Bf5
40. Rf4 Bg6 41. h4 h5 42. Rf3 Ra3 43. Rf4 d5 44. Kd1 Bd6 45. Rf6 Be5 46. Rf2
Ra1+ 47. Ke2 Ra2+ 48. Kd1 Rxf2 49. Kc1 Bf4+ 50. Kd1 Bd3 51. Ke1 Rf1# 0-1

[Event "?"]
[Site "?"]
[Date "????.??.??"]
[Round "?"]
[White "Flotten, E."]
[Black "Pemberton, C."]
[Result "1/2-1/2"]
[WhiteElo "1794"]
[BlackElo "1897"]
[Annotator "143"]
[PlyCount "35"]
[EventDate "2010.??.??"]
[WhiteTeam "Arctic Team"]
[BlackTeam "England 2"]

1. e4 c5 2. f4 d5 3. exd5 Nf6 4. c4 e6 5. dxe6 Bxe6 6. Nf3 Nc6 7. Be2 Be7 8.
O-O O-O 9. Nc3 Bf5 10. a3 Nd4 11. Nxd4 cxd4 12. Nd5 Nxd5 13. cxd5 Qxd5 14. d3
Qb5 15. g4 Be6 16. f5 Bb3 17. Qe1 Rac8 18. Qg3 1/2-1/2

[Event "?"]
[Site "?"]
[Date "????.??.??"]
[Round "?"]
[White "Wood, P."]
[Black "Esbensen, H."]
[Result "1-0"]
[WhiteElo "1904"]
[BlackElo "1445"]
[Annotator "144"]
[PlyCount "75"]
[EventDate "2010.??.??"]
[WhiteTeam "England 2"]
[BlackTeam "Arctic Team"]

1. Nf3 Nf6 2. d4 g6 3. c4 Bg7 4. Nc3 O-O 5. Bg5 d6 6. e3 Bf5 7. Be2 c6 8. O-O
h6 9. Bh4 g5 10. Bg3 Nbd7 11. Nd2 e5 12. dxe5 dxe5 13. e4 Bg6 14. Kh1 Qe7 15.
f3 Rad8 16. Qc2 h5 17. b4 h4 18. Bf2 b6 19. Qa4 Nb8 20. Rad1 Nh5 21. c5 b5 22.
Qc2 Nf4 23. Nb3 Na6 24. a3 f5 25. Bg1 Ne6 26. Rxd8 Nxd8 27. Rd1 Nf7 28. exf5
Bh7 29. Bd3 Qf6 30. Be4 Rd8 31. Rxd8+ Nxd8 32. Qd2 Nb8 33. Qd6 Qxd6 34. cxd6 a6
35. Ba7 Nd7 36. Nc5 Nxc5 37. bxc5 Kf8 38. f6 1-0

[Event "?"]
[Site "?"]
[Date "????.??.??"]
[Round "?"]
[White "Gabrielsen, O."]
[Black "Alter, H."]
[Result "1/2-1/2"]
[WhiteElo "1788"]
[BlackElo "1882"]
[Annotator "146"]
[PlyCount "32"]
[EventDate "2010.??.??"]
[WhiteTeam "Trondergutan"]
[BlackTeam "Saxone/1911-BSW"]

1. e4 e6 2. d4 d5 3. Nc3 Nf6 4. Bg5 dxe4 5. Nxe4 Be7 6. Bd3 Nxe4 7. Bxe7 Qxe7
8. Bxe4 Nd7 9. Qe2 O-O 10. O-O-O Nf6 11. Bd3 c5 12. d5 Qd6 13. dxe6 Qxe6 14.
Bc4 Qxe2 15. Nxe2 b6 16. Nf4 Bf5 1/2-1/2

[Event "?"]
[Site "?"]
[Date "????.??.??"]
[Round "?"]
[White "Morgner, S."]
[Black "Haugvik, B."]
[Result "0-1"]
[WhiteElo "1870"]
[BlackElo "1752"]
[Annotator "147"]
[PlyCount "60"]
[EventDate "2010.??.??"]
[WhiteTeam "Saxone/1911-BSW"]
[BlackTeam "Trondergutan"]

1. Nf3 d5 2. d4 Nf6 3. c4 e6 4. Nc3 Nbd7 5. Bg5 Be7 6. Qc2 c6 7. e3 O-O 8. Bd3
dxc4 9. Bxc4 h6 10. Bh4 Nb6 11. Bd3 Nfd5 12. Bxe7 Qxe7 13. a3 Bd7 14. O-O Rfd8
15. Ne5 Be8 16. Qe2 Rac8 17. Ne4 Nf6 18. Ng3 c5 19. dxc5 Rxc5 20. f4 Nbd7 21.
Nf3 Nf8 22. Ne5 N6d7 23. Nf3 Nf6 24. a4 a5 25. e4 Ng6 26. Qe3 Nxf4 27. Qxf4
Rxd3 28. Ne5 Rb3 29. Rf2 Qc7 30. Rd1 Qxe5 0-1

[Event "?"]
[Site "?"]
[Date "????.??.??"]
[Round "?"]
[White "Johansen, B."]
[Black "Zanger, K."]
[Result "1-0"]
[WhiteElo "1630"]
[BlackElo "1811"]
[Annotator "148"]
[PlyCount "109"]
[EventDate "2010.??.??"]
[WhiteTeam "Trondergutan"]
[BlackTeam "Saxone/1911-BSW"]

1. e4 g6 2. d4 d6 3. d5 Bg7 4. Nf3 Nd7 5. Bb5 a6 6. Bxd7+ Bxd7 7. Nc3 c6 8. O-O
Rc8 9. Rb1 b5 10. Be3 c5 11. Ne2 Qc7 12. c3 Nf6 13. Ng3 O-O 14. Qd2 Ng4 15. Bf4
a5 16. h3 Ne5 17. Nxe5 dxe5 18. Bh6 c4 19. Bxg7 Kxg7 20. f4 f6 21. f5 Rh8 22.
Rbd1 Rhd8 23. h4 Be8 24. Qe2 h6 25. fxg6 Bxg6 26. h5 Bh7 27. Qg4+ Kh8 28. Nf5
Rg8 29. Qf3 Bxf5 30. Qxf5 Rg5 31. Qf3 Rcg8 32. Rd2 Qd7 33. Rff2 Qd6 34. Kf1 b4
35. Qh3 bxc3 36. bxc3 Qa3 37. d6 Qc1+ 38. Ke2 exd6 39. Rxd6 Qc2+ 40. Kf1 Qb1+
41. Ke2 Qxe4+ 42. Qe3 Qxe3+ 43. Kxe3 Rg3+ 44. Ke4 R3g4+ 45. Kd5 Rxg2 46. Rdxf6
Rxf2 47. Rxf2 Rg5 48. Rh2 Kg7 49. Kxc4 Kf6 50. Kd5 Ke7 51. c4 Kd7 52. Rh4 Kc7
53. Rh3 Kb7 54. Ke6 Rg4 55. c5 1-0

[Event "?"]
[Site "?"]
[Date "????.??.??"]
[Round "?"]
[White "Hauswald, G."]
[Black "Bisse, V."]
[Result "1/2-1/2"]
[WhiteElo "1820"]
[BlackElo "1930"]
[Annotator "149"]
[PlyCount "157"]
[EventDate "2010.??.??"]
[WhiteTeam "Heidenau"]
[BlackTeam "Senioren Dresden 1"]

1. d4 d5 2. Nf3 Nf6 3. e3 Nbd7 4. Nbd2 e6 5. Be2 Bd6 6. h3 O-O 7. c4 c6 8. O-O
Re8 9. b3 e5 10. dxe5 Nxe5 11. Bb2 Nxf3+ 12. Nxf3 Be6 13. Qc2 Qe7 14. Ng5 h6
15. Nxe6 Qxe6 16. cxd5 Nxd5 17. Bg4 Qe4 18. Qxe4 Rxe4 19. Rad1 Rd8 20. Bf3 Ree8
21. Rd3 Nb4 22. Rd4 Be7 23. a3 Rxd4 24. Bxd4 Nd5 25. b4 Nc7 26. Rd1 Rd8 27. Kf1
Nb5 28. Bb2 Rxd1+ 29. Bxd1 f6 30. Bb3+ Kf8 31. Be6 Nc7 32. Bc8 b6 33. Ke2 Ke8
34. Bf5 Bd6 35. Kd3 Ke7 36. Kc4 b5+ 37. Kb3 Be5 38. Bxe5 fxe5 39. h4 Ne8 40. h5
Nd6 41. Bg6 Nc4 42. g4 Kd6 43. Bd3 Nd2+ 44. Kc3 Nf3 45. Be2 Ng5 46. f4 Ne6 47.
fxe5+ Kxe5 48. Bd3 Nc7 49. Bf5 Nd5+ 50. Kd3 Nb6 51. Be4 Kd6 52. Kd4 Nc4 53. a4
Ne5 54. axb5 cxb5 55. Bf5 Nc6+ 56. Kc3 Ne7 57. e4 Nc6 58. Bg6 Ke5 59. Bf5 Nd4
60. Kd3 Nc6 61. Kc3 a5 62. bxa5 Nxa5 63. Kb4 Nc4 64. Kxb5 Nd6+ 65. Kc6 Nxe4 66.
Kd7 Nf6+ 67. Ke7 Nxh5 68. Kf7 g5 69. Kg6 Ng3 70. Kxh6 Kf4 71. Bc8 Nf1 72. Kg6
Ne3 73. Kf6 Nxg4+ 74. Kg6 Ne5+ 75. Kf6 Nc4 76. Kg6 Nd6 77. Bd7 Nc4 78. Bc8 Ne5+
79. Kf6 1/2-1/2

[Event "?"]
[Site "?"]
[Date "????.??.??"]
[Round "?"]
[White "Kanibalotzka, E."]
[Black "Mann, D."]
[Result "0-1"]
[WhiteElo "1826"]
[BlackElo "1740"]
[Annotator "150"]
[PlyCount "81"]
[EventDate "2010.??.??"]
[WhiteTeam "Senioren Dresden 1"]
[BlackTeam "Heidenau"]

1. Nf3 Nf6 2. g3 b6 3. Bg2 Bb7 4. O-O e6 5. d3 d5 6. Nbd2 Be7 7. b3 Nbd7 8. Bb2
c5 9. Ne5 Qc7 10. Nxd7 Qxd7 11. Nf3 d4 12. h3 Qc7 13. c4 O-O 14. Bc1 e5 15. Bg5
h6 16. Bxf6 Bxf6 17. Nd2 Be7 18. Bxb7 Qxb7 19. f3 f5 20. Qe1 Bg5 21. f4 Bf6 22.
fxe5 Bxe5 23. Nf3 Bf6 24. Qf2 Qe7 25. Rac1 Bg5 26. Nxg5 Qxg5 27. Qg2 Rae8 28.
Rc2 Re3 29. Rf3 Rfe8 30. Rxe3 Rxe3 31. Kh2 f4 32. gxf4 Qxf4+ 33. Kh1 Rg3 34.
Qd5+ Kh7 35. Qe4+ Qxe4+ 36. dxe4 Rxh3+ 37. Kg2 Re3 38. Kf2 Rxe4 39. Kg3 g5 40.
Kf3 Re3+ 41. Kf2 0-1

[Event "?"]
[Site "?"]
[Date "????.??.??"]
[Round "?"]
[White "Lauterbach, E."]
[Black "Rühle, H."]
[Result "0-1"]
[WhiteElo "1715"]
[BlackElo "1639"]
[Annotator "151"]
[PlyCount "74"]
[EventDate "2010.??.??"]
[WhiteTeam "Heidenau"]
[BlackTeam "Senioren Dresden 1"]

1. d4 Nf6 2. c4 g6 3. Nc3 Bg7 4. e4 d6 5. Nf3 O-O 6. Be2 c5 7. d5 Na6 8. O-O
Nc7 9. Rb1 a6 10. Qc2 b5 11. b3 Bd7 12. b4 cxb4 13. Rxb4 a5 14. Rb1 b4 15. Nd1
Na6 16. Be3 Qc7 17. Nd2 Nc5 18. Bxc5 Qxc5 19. Nb3 Qa7 20. Nd2 Qd4 21. Qd3 Qa7
22. Qe3 Rfc8 23. Qxa7 Rxa7 24. Ne3 Be8 25. Nc2 Nd7 26. Bg4 Bc3 27. Nf3 Rxc4 28.
Ne3 Rcc7 29. Ne1 Nc5 30. f3 Bb5 31. Rf2 Bxe1 32. Rxe1 Nd3 33. Rb1 Nxf2 34. Kxf2
Rc3 35. f4 Rac7 36. Bd1 Bd3 37. Rb2 Bxe4 0-1

[Event "?"]
[Site "?"]
[Date "????.??.??"]
[Round "?"]
[White "Gäbler, H."]
[Black "Weiß, H."]
[Result "1/2-1/2"]
[WhiteElo "1750"]
[BlackElo "1642"]
[Annotator "152"]
[PlyCount "33"]
[EventDate "2010.??.??"]
[WhiteTeam "Senioren Dresden 1"]
[BlackTeam "Heidenau"]

1. c4 Nf6 2. Nc3 e5 3. e4 Bc5 4. Be2 d6 5. d3 c6 6. Nf3 O-O 7. O-O Bd4 8. Bd2
Nbd7 9. Rc1 a6 10. b4 b5 11. Qb3 Rb8 12. cxb5 axb5 13. Nd1 Bb7 14. Ne3 c5 15.
Nf5 Qb6 16. a3 Bc8 17. Ne7+ 1/2-1/2

[Event "?"]
[Site "?"]
[Date "????.??.??"]
[Round "?"]
[White "Dötzel, H."]
[Black "Murphy, G."]
[Result "1/2-1/2"]
[WhiteElo "1845"]
[BlackElo "1685"]
[Annotator "154"]
[PlyCount "51"]
[EventDate "2010.??.??"]
[WhiteTeam "Senioren Dresden 2"]
[BlackTeam "Schottland 2"]

1. e4 c6 2. d4 d5 3. Nc3 dxe4 4. Nxe4 Nd7 5. Nf3 Ngf6 6. Nxf6+ Nxf6 7. h3 e6 8.
Bd3 Be7 9. O-O O-O 10. Bg5 b6 11. Qe2 Bb7 12. Rad1 h6 13. Bc1 Qc7 14. a3 c5 15.
dxc5 Bxc5 16. b4 Bd6 17. Bb2 Nd7 18. Be4 Rab8 19. Bxb7 Rxb7 20. Rd3 Be7 21.
Rfd1 Nf6 22. R3d2 a5 23. Qb5 axb4 24. axb4 Rd8 25. Rxd8+ Bxd8 26. c4 1/2-1/2

[Event "?"]
[Site "?"]
[Date "????.??.??"]
[Round "?"]
[White "Macgilchrist, S."]
[Black "Müller, H."]
[Result "1-0"]
[WhiteElo "1817"]
[BlackElo "1421"]
[Annotator "155"]
[PlyCount "72"]
[EventDate "2010.??.??"]
[WhiteTeam "Schottland 2"]
[BlackTeam "Senioren Dresden 2"]

1. e4 Nf6 2. Nc3 d5 3. exd5 Nxd5 4. Bc4 e6 5. d3 Bb4 6. Bd2 Nxc3 7. bxc3 Ba5 8.
Qh5 c6 9. Nf3 g6 10. Qe5 O-O 11. Bh6 f6 12. Bxe6+ Bxe6 13. Qxe6+ Rf7 14. O-O
Qd7 15. Qxd7 Nxd7 16. c4 Bc3 17. Rab1 b6 18. Rb3 Be5 19. d4 Bd6 20. Re1 Re7 21.
Rxe7 Bxe7 22. d5 cxd5 23. cxd5 Kf7 24. Bf4 Bc5 25. c4 Re8 26. Kf1 Re4 27. Bg3
Rxc4 28. Rd3 Rc1+ 29. Ke2 Rc2+ 30. Rd2 Rc4 31. h3 Re4+ 32. Kd3 Ra4 33. Ke2 g5
34. Kd1 Ra3 35. Nd4 Bxd4 36. Rxd4 Rxa2 1-0

[Event "?"]
[Site "?"]
[Date "????.??.??"]
[Round "?"]
[White "Höppner, K."]
[Black "Macrae, J."]
[Result "1-0"]
[WhiteElo "1643"]
[BlackElo "1753"]
[Annotator "156"]
[PlyCount "105"]
[EventDate "2010.??.??"]
[WhiteTeam "Senioren Dresden 2"]
[BlackTeam "Schottland 2"]

1. d4 d5 2. Bf4 e6 3. Nf3 Nf6 4. h3 Be7 5. e3 O-O 6. Be2 Nbd7 7. Nbd2 c5 8. c3
b6 9. b3 a5 10. O-O Ba6 11. c4 Qc8 12. Rc1 Qb7 13. cxd5 exd5 14. Bxa6 Qxa6 15.
dxc5 Nxc5 16. Ne5 Rfc8 17. Ndf3 b5 18. Rc2 Nce4 19. Nd4 Nc3 20. Qd3 b4 21. Qxa6
Rxa6 22. Nb5 Rc5 23. Nxc3 Rxc3 24. Rfc1 Rxc2 25. Rxc2 Ra8 26. Nc6 Bf8 27. Bc7
a4 28. Ba5 axb3 29. axb3 g6 30. Bxb4 Bxb4 31. Nxb4 Rb8 32. Nc6 Rxb3 33. Ne5 Rb7
34. Rc6 Kg7 35. g4 Nd7 36. Nd3 Nf6 37. Rd6 Rd7 38. Rc6 d4 39. Ne5 Rd8 40. exd4
Rxd4 41. Rc7 Rd1+ 42. Kg2 Ne4 43. Rxf7+ Kg8 44. Rf4 Ng5 45. h4 Ne6 46. Rf6 Nf8
47. g5 Rd5 48. Ng4 Rd7 49. Nh6+ Kh8 50. Nf7+ Kg8 51. Nh6+ Kh8 52. Re6 Rd5 53.
Nf7+ 1-0

[Event "?"]
[Site "?"]
[Date "????.??.??"]
[Round "?"]
[White "Tseshkovsky, V."]
[Black "Lechtynsky, J."]
[Result "1/2-1/2"]
[WhiteElo "2554"]
[BlackElo "2393"]
[PlyCount "51"]
[EventDate "2010.??.??"]
[WhiteTeam "Russland"]
[BlackTeam "Tschechien"]
[WhiteTeamCountry "RUS"]
[BlackTeamCountry "CZE"]

1. e4 c6 2. d4 d5 3. Nc3 dxe4 4. Nxe4 Bf5 5. Ng3 Bg6 6. Nf3 Nd7 7. h4 h6 8. h5
Bh7 9. Bd3 Bxd3 10. Qxd3 Ngf6 11. Bf4 e6 12. O-O-O Be7 13. Kb1 O-O 14. Qe2 Qa5
15. Ne5 Rfd8 16. c4 Nxe5 17. dxe5 Nd7 18. Rd2 Nc5 19. Rhd1 Qc7 20. Rxd8+ Rxd8
21. Rxd8+ Qxd8 22. Be3 b5 23. a3 a6 24. Bxc5 Bxc5 25. Ne4 Qd4 26. cxb5 1/2-1/2

[Event "?"]
[Site "?"]
[Date "????.??.??"]
[Round "?"]
[White "Pribyl, J."]
[Black "Vasiukov, E."]
[Result "0-1"]
[WhiteElo "2344"]
[BlackElo "2469"]
[PlyCount "82"]
[EventDate "2010.??.??"]
[WhiteTeam "Tschechien"]
[BlackTeam "Russland"]
[WhiteTeamCountry "CZE"]
[BlackTeamCountry "RUS"]

1. e4 c6 2. d3 d5 3. Nd2 g6 4. Ngf3 Bg7 5. g3 Nh6 6. Bg2 O-O 7. O-O e5 8. c3
Na6 9. Qc2 f5 10. b4 Nf7 11. Re1 Re8 12. Rb1 Be6 13. a4 Rc8 14. b5 Nc5 15. Bf1
cxb5 16. axb5 dxe4 17. dxe4 fxe4 18. Nh4 Bf6 19. Ng2 Ng5 20. Ne3 Qd7 21. Rd1
Qf7 22. Ndc4 Nf3+ 23. Kh1 Be7 24. Ba3 Rf8 25. Nd6 Bxd6 26. Rxd6 Kh8 27. Bxc5
Rxc5 28. Qxe4 Ng5 29. Qd3 Nh3 30. Rb2 Qf3+ 31. Bg2 Nxf2+ 32. Rxf2 Qxf2 33. Rd8
Qe1+ 34. Bf1 Rc8 35. Qd6 Rcxd8 36. Qxe5+ Kg8 37. Qxe6+ Rf7 38. Kg2 Qf2+ 39. Kh3
Qf6 40. Qe4 Kg7 41. Bc4 Re7 0-1